000 00801nam a22002057a 4500
003 0
005 20250120125130.0
008 250120b xxu||||| |||| 00| 0 eng d
050 _aHG 1709
_b.J42 2024
100 _aJayme, Sigfredo N.
245 _aProject P2one: an enhanced one single online banking facility
_cSigfredo N. Jayme
260 _aLas Pinas City
_bSouthville International School and Colleges
_cc2024
300 _axii, 98 pages :
_billustrations ;
_c29cm.
504 _aIncludes bibliographical references and appendices.
650 _aElectronic banking—Security measures.
650 _aOnline financial services—Technological innovations.
650 _aMobile banking—Usability and adoption.
650 _aFinancial technology (FinTech)—Applications
942 _2lcc
_cTH
999 _c367024
_d367024